000 00299nam a22001337a 4500
003 SGT
020 _a81-7391-490-7
082 _a070.4
_bMAT
100 _aMATHUR, PRASHANT K.
245 _aHISTORY OF JOURNALISM AN ANALYSIS
260 _aDELHI
_bKANISHKA
_c2015
300 _a315
942 _2ddc
_cBK
999 _c22084
_d22084